|
|
|
|
| LEADER |
00000nam a2200000 a 4500 |
| 001 |
vtls011881313 |
| 003 |
SK-MaSNL |
| 005 |
20260302092608.0 |
| 008 |
251112 1650 gw 000 0 lat |
| 015 |
|
|
|a SNBHFA1650
|
| 040 |
|
|
|a SNK
|b slo
|c SNK
|e AACR2
|
| 041 |
0 |
|
|a lat
|
| 044 |
|
|
|a gw
|c DE
|
| 072 |
|
7 |
|a 2-1
|x Prirodzená teológia. Náboženská filozofia
|2 konspekt
|
| 080 |
|
|
|a 2-1
|2 2011
|
| 080 |
|
|
|a 14:2
|2 2011
|
| 100 |
1 |
|
|a Clauder, Jacob
|4 aut
|9 762481
|
| 245 |
1 |
0 |
|a Summa Evangelii Ab Apostolis Praedicati, Qvod Videlicet Jesus Christus, Dominus Noster, Traditus est propter peccata nostra, Et resurrexit propter Justificationem nostram, In Compendio Theologiae, Epistola Ad Romanos, Cap. IV, 24.25. Contenta, Ac Jussu Perrever. Ampliss. & Facultat. Theolog. In Universitate Lipsiensi, Pro Licentia Assumendi Doctoris Theologi Gradum D. V. A. D. XXIX. April. H. Ante Et Post Merid. Ad Disputandum Publice Prolata A. M. Jacobo Claudero, Altenb. hactenus Eccles. Luccav. P. nec non Ephorias Patriae Adj. jam vero vocato P. ac Superint. Delitiano
|
| 260 |
|
|
|a [Lipsko]
|b Literis Ritzschianis
|c 1650
|
| 300 |
|
|
|a [47] strán
|c 20 cm
|
| 501 |
|
|
|a Príväzok 18. k: CALIXT, Friedrich Ulrich. De Diversis Totivs Universi Religionibvs Dissertationes Academicae Quarum Ordinis indicum facit paginae facies tertia. Helmestadi Saxonum: Georgius Wolfgangus Hammius Academiae Juliae Typograph., Anno MDCLXXXIIX. [=1688]
|5 SNK IC 144712
|
| 510 |
4 |
|
|a VD17
|c 14:028215D
|
| 561 |
|
|
|a Z knižnice Učenej spoločnosti malohontskej
|5 SNK IC 144712/prív.18
|
| 650 |
0 |
7 |
|a teológia
|2 SNKPH
|9 1814
|
| 650 |
0 |
7 |
|a náboženská filozofia
|2 SNKPH
|9 3774
|
| 710 |
2 |
|
|a Učená spoločnosť malohontská
|4 fmo
|9 205374
|
| 710 |
0 |
|
|a Ritzsch, Timotheus (Lipsko, Nemecko)
|4 prt
|9 176344
|
| 752 |
|
|
|a Nemecko
|d Lipsko
|
| 852 |
|
|
|a snk
|b Historické fondy
|p IC 144712/prív.18
|
| 958 |
|
|
|a DC
|
| 999 |
|
|
|c 1205362
|d 1207292
|
| 952 |
|
|
|t MHC XIX.,1333
|a SNK
|b SNK
|c SNK_HF
|y PREZ
|7 0
|p 17A1356360
|o snkIC 144712/prív.18
|i snk2019/20224
|8 5
|0 0
|1 0
|4 0
|d 2019-08-13
|l 0
|r 2026-02-24 22:55:27
|w 2026-02-24
|